| 000 | 00861nam a2200205 a 4500 | ||
|---|---|---|---|
| 008 | 090320s2007 ||||||||||||||||| || u | ||
| 020 | _a9781842775530 | ||
| 050 | _aJF 799 Spa | ||
| 100 | _aCoelho, Vera Schattan P | ||
| 245 | 1 | 0 |
_aSpaces for change?: the politics of citizen participation in new democratic arenas. Vol. 4 _cedited by Andrea Cornwall and Vera Schattan P. Coelho |
| 260 |
_aLondon _bZed Books _c2007 |
||
| 300 | _axviii, 270p.: ill | ||
| 350 | _a0.00 | ||
| 490 | _aClaiming Citizenship Series | ||
| 500 | _aVol. 4 of Claiming Citizenship Series | ||
| 650 | _aPOLITICAL PARTICIPATION--CASE STUDIES--SOUTH AFRICA | ||
| 650 | _aPOLITICS | ||
| 700 | _aCornwall, Andrea | ||
| 995 |
_D0.00 _FCBU-MAIN LIBRARY (Kitwe) _H1 _I0.00 _M1 _UAVAILABLE _WApr 28, 2009 _ZMain Library Open Access Collection |
||
| 999 |
_c58030 _d58030 |
||